000 00775nas a2200241 4500
001 BR9703478
003 BR-BrBNA
005 20231205100332.0
007 ta
008 230509b bl.|||p| |||| 00| 00por d
040 _aBR-BrBNA
_bpor
_cBiblioteca Nacional de Agricultura
041 _a(Pt)
072 _aF01
100 1 _aMartins, S.R.
245 1 _aDesafios da plasticultura brasileira: limites socio-economicos e tecnologicos frente as novas e crescentes demandas
650 _aAgricultura Sustentavel
650 _aHorticultura
650 _aPlastico
650 _aPratica Cultural
773 0 _tHorticultura Brasileira (Brazil)
_xISSN 0102-0536
_g(Nov 1996), v. 14(2) p. 133-138
_wBR9703478
909 _a202311
_bLúcia
_c55
_dLúcia Elande
942 _2AGRIS
_n0
_cANA
999 _c155426
_d155426